Tribhuvan University Central Library

Predictable results in unpredictable times (Record no. 99795)

MARC details
000 -LEADER
fixed length control field 00434nam a22001577a 4500
008 - FIXED-LENGTH DATA ELEMENTS--GENERAL INFORMATION
fixed length control field 210708b ||||| |||| 00| 0 eng d
020 ## - INTERNATIONAL STANDARD BOOK NUMBER
International Standard Book Number 9788183223218
082 ## - DEWEY DECIMAL CLASSIFICATION NUMBER
Classification number 658.4092/C838p
100 ## - MAIN ENTRY--PERSONAL NAME
Personal name Covey, Stephen R.
245 ## - TITLE STATEMENT
Title Predictable results in unpredictable times
260 ## - PUBLICATION, DISTRIBUTION, ETC.
Place of publication, distribution, etc. Bhopal:
Name of publisher, distributor, etc. Manjul Publishing House,
Date of publication, distribution, etc. 2012.
300 ## - PHYSICAL DESCRIPTION
Other physical details vi,109p. ; illus.
650 ## - SUBJECT ADDED ENTRY--TOPICAL TERM
Topical term or geographic name entry element Leadership
700 ## - ADDED ENTRY--PERSONAL NAME
Personal name Whitman, Bob
942 ## - ADDED ENTRY ELEMENTS (KOHA)
Koha item type General Collections
Source of classification or shelving scheme Dewey Decimal Classification
Holdings
Withdrawn status Lost status Source of classification or shelving scheme Damaged status Not for loan Home library Current library Shelving location Date acquired Total Checkouts Total Renewals Full call number Barcode Date last seen Date last checked out Price effective from Koha item type
    Dewey Decimal Classification     Tribhuvan University Central Library Tribhuvan University Central Library New Building 07/08/2021 2 1 658.4092/C838p 154045 05/26/2024 04/22/2024 07/08/2021 General Collections